000
00361nam a2200133Ia 4500
008
151001s9999||||xx |||||||||||||| ||und||
100
_a
नरेंद्र जाधव
245
_a
आमच्या बाप आन आम्ही
250
_a
2
260
_b
ग्रंथाली
260
_c
1994
300
_a
209
365
_b
21
999
_c
973468
_d
973465